000 00972nam a22002417a 4500
008 240619b mp ||||| |||| 00| 0 mon d
020 _a978-99973-1-603-5
035 _a24282
040 _aUV1862160
_bmon
_cMN-UlNLM
_dMN-UlNLM
_erda
041 _amon
042 _a81562
082 _210-t
_a158.92
_bФ.859
100 _aФавилли Э., Франческа К.
245 0 _aТэрслүү охидод зориулсан бяцхан түүхүүд 2
264 _aУлаанбаатар
_bМонсудар ХГ
_c2019
300 _a212х.
336 _2rdacontent
_atext
_btxt
337 _2rdamedia
_aunmediated
_bn
338 _2rdacarrier
_avolume
_bnc
650 _aНью-Йорк Таймсын дуулиан тарьсан бестселлерийн хоёр дахь боть дэлхийн өнцөг булан бүрд аж төрж буй охидод,том мөрөөдөж, илүүд зо...
942 _210-t
_cBK
999 _c925312
_d925369